[Event "Moscow-chT"]
[Site "Moscow"]
[Date "2012.10.06"]
[Round "6.3"]
[White "Karpov, Vadim"]
[Black "Zernyshkin, Vladislav"]
[Result "0-1"]
[WhiteElo "2375"]
[BlackElo "2314"]
[PlyCount "86"]
[EventDate "2012.09.23"]
[EventType "team-tourn"]
[EventRounds "7"]
[EventCountry "RUS"]
[SourceTitle "CBM 150 Extra"]
[Source "ChessBase"]
[SourceDate "2012.10.19"]
[SourceVersion "1"]
[SourceVersionDate "2012.10.19"]
[SourceQuality "1"]
[WhiteTeam "Moscow Youth"]
[BlackTeam "October DC MIFI"]
[WhiteTeamCountry "RUS"]
[BlackTeamCountry "RUS"]

1. Nf3 e6 2. d4 Nf6 3. c4 d5 4. Bg5 Be7 5. Nc3 c6 6. e3 Nbd7 7. Qc2 h6 8. Bh4 0-0 9. Rd1 b6 10. Bd3 Bb7 11. 0-0 c5 12. Qe2 Ne4 13. Bg3 Nxg3 14. hxg3 Bf6 15. cxd5 exd5 16. Bb1 c4 17. b3 Rc8 18. bxc4 Rxc4 19. Rc1 Qc8 20. Qd3 g6 21. Nd2 Rc7 22. Ne2 Nb8 23. Rxc7 Qxc7 24. Rc1 Qd7 25. Nf4 Rc8 26. Rxc8+ Qxc8 27. Nf3 Nd7 28. Bc2 Bg7 29. Bb3 Nf6 30. Qd1 g5 31. Nd3 Ne4 32. Nfe5 Qf5 33. Qc2 Nd6 34. Qc7 Qe6 35. Qb8+ Bc8 36. Qxa7 Nc4 37. Qc7 Ba6 38. Nb4 Nxe5 39. Bxd5 Qg4 40. Bf3 Nxf3+ 41. gxf3 Qc8 42. Qxb6 Qc1+ 43. Kh2 Be2 0-1

[Event "Samara Polugaevsky Memorial 1st"]
[Site "Samara"]
[Date "2011.07.11"]
[Round "7"]
[White "Papin, Vasily"]
[Black "Zernyshkin, Vladislav"]
[Result "1-0"]
[WhiteElo "2565"]
[BlackElo "2319"]
[PlyCount "72"]
[EventDate "2011.07.05"]
[EventType "swiss"]
[EventRounds "9"]
[EventCountry "RUS"]
[SourceTitle "CBM 143 Extra"]
[Source "ChessBase"]
[SourceDate "2011.08.29"]
[SourceVersion "1"]
[SourceVersionDate "2011.08.29"]
[SourceQuality "1"]

1. d4 Nf6 2. c4 e6 3. Nf3 b6 4. a3 Bb7 5. Nc3 d5 6. Bg5 Be7 7. Qa4+ c6 8. Bxf6 Bxf6 9. cxd5 exd5 10. g3 0-0 11. Bg2 c5 12. Rd1 c4 13. Ne5 a6 14. Ng4 Bg5 15. f4 b5 16. Qc2 b4 17. axb4 Be7 18. 0-0 Bxb4 19. Ne3 Bxc3 20. Qxc3 Bc6 21. f5 Re8 22. f6 g6 23. Qd2 Kh8 24. Ng4 Nd7 25. Qh6 Rg8 26. Qg5 Rb8 27. Rd2 Ba8 28. Rf4 Qb6 29. Nh6 Rgf8 30. Bh3 Nc5 31. dxc5 Qxc5+ 32. Rdd4 c3 33. bxc3 Qxc3 34. Nf5 Qc1+ 35. Bf1 Rb2 36. Qh6 Rg8 1-0

[Event "Samara Polugaevsky Memorial 1st"]
[Site "Samara"]
[Date "2011.07.09"]
[Round "5"]
[White "Zernyshkin, Vladislav"]
[Black "Yakovich, Yuri"]
[Result "1/2-1/2"]
[WhiteElo "2319"]
[BlackElo "2539"]
[PlyCount "108"]
[EventDate "2011.07.05"]
[EventType "swiss"]
[EventRounds "9"]
[EventCountry "RUS"]
[SourceTitle "CBM 143 Extra"]
[Source "ChessBase"]
[SourceDate "2011.08.29"]
[SourceVersion "1"]
[SourceVersionDate "2011.08.29"]
[SourceQuality "1"]

1. e4 c5 2. f4 d5 3. exd5 Nf6 4. Bb5+ Nbd7 5. c4 a6 6. Ba4 b5 7. cxb5 Nxd5 8. Nf3 g6 9. Nc3 N5b6 10. d4 Bg7 11. Bc2 cxd4 12. Nxd4 0-0 13. 0-0 axb5 14. Ndxb5 Ba6 15. Bd3 Nc5 16. Be2 Nba4 17. Qc2 Nxc3 18. Nxc3 Qd4+ 19. Kh1 Nd3 20. h3 Rfd8 21. a4 Bc4 22. Ra3 Nb4 23. Qb1 Bd3 24. Bxd3 Nxd3 25. Qc2 e6 26. Nb5 Qe4 27. Nc3 Qc4 28. Qe2 Qb4 29. Na2 Nxc1 30. Nxc1 Bxb2 31. Rb3 Qd2 32. Rxb2 Qxe2 33. Nxe2 Rxa4 34. Rc1 Rd7 35. Kg1 e5 36. fxe5 Re4 37. Rc5 Re7 38. Kf2 R4xe5 39. Rxe5 Rxe5 40. Ng1 h5 41. Nf3 Re7 42. Ng1 Kg7 43. Kf3 Ra7 44. Rb3 Ra5 45. h4 Ra4 46. g3 Ra7 47. Nh3 Re7 48. Ng5 Kg8 49. Re3 Ra7 50. Ke4 Kg7 51. Kd5 Kf6 52. Kc6 Kf5 53. Kd6 f6 54. Ne4 g5 1/2-1/2

[Event "Nabereznye Chelny op 8th"]
[Site "Nabereznye Chelny"]
[Date "2010.01.23"]
[Round "5"]
[White "Muzovatkin, Daniil"]
[Black "Zernyshkin, Vladislav"]
[Result "1/2-1/2"]
[WhiteElo "1958"]
[BlackElo "2274"]
[PlyCount "119"]
[EventDate "2010.01.19"]
[EventType "swiss"]
[EventRounds "9"]
[EventCountry "RUS"]
[SourceTitle "CBM 134 Extra"]
[Source "ChessBase"]
[SourceDate "2010.03.03"]
[SourceVersion "1"]
[SourceVersionDate "2010.03.03"]
[SourceQuality "1"]

1. d4 e6 2. Nf3 Nf6 3. c4 d5 4. e3 c6 5. Nc3 Nbd7 6. Qc2 Bd6 7. Be2 0-0 8. b3 dxc4 9. Bxc4 e5 10. h3 exd4 11. Nxd4 Ne5 12. Be2 Ng6 13. 0-0 Qa5 14. Nf3 Re8 15. Bb2 Be6 16. Rfd1 Rad8 17. Na4 Nd5 18. a3 Bb8 19. Nc5 Bc8 20. Bd3 Qc7 21. Bf5 b6 22. Bxc8 Qxc8 23. Na4 c5 24. Nc3 Nxc3 25. Qxc3 Ne5 26. Nxe5 Bxe5 27. Qc2 Qe6 28. Rxd8 Rxd8 29. Rd1 Rxd1+ 30. Qxd1 g6 31. Bxe5 Qxe5 32. a4 Qc3 33. g3 Kg7 34. Qd5 a6 35. Qc4 Qa1+ 36. Kg2 Qe5 37. h4 h5 38. Kf3 Qf5+ 39. Ke2 Qc8 40. Qc3+ Kg8 41. Qd3 Qb7 42. Qd6 Qa7 43. Qc6 Qb8 44. Kd3 Qd8+ 45. Ke4 Kg7 46. Qd5 Qc8 47. Qe5+ Kg8 48. Kd3 b5 49. Kc3 Qc6 50. Qb8+ Kg7 51. axb5 axb5 52. Qe5+ Qf6 53. Qxf6+ Kxf6 54. f3 g5 55. Kd3 gxh4 56. gxh4 Kf5 57. Kc3 Ke5 58. Kd3 Kf5 59. Kc3 Ke5 60. Kc2 1/2-1/2

[Event "Nabereznye Chelny op 8th"]
[Site "Nabereznye Chelny"]
[Date "2010.01.22"]
[Round "4"]
[White "Zernyshkin, Vladislav"]
[Black "Konovalov, Viatcheslav"]
[Result "0-1"]
[WhiteElo "2274"]
[BlackElo "2056"]
[PlyCount "101"]
[EventDate "2010.01.19"]
[EventType "swiss"]
[EventRounds "9"]
[EventCountry "RUS"]
[SourceTitle "CBM 134 Extra"]
[Source "ChessBase"]
[SourceDate "2010.03.03"]
[SourceVersion "1"]
[SourceVersionDate "2010.03.03"]
[SourceQuality "1"]

1. e4 e5 2. Nf3 Nc6 3. Nc3 Nf6 4. d4 Bb4 5. Nxe5 Nxe4 6. Qg4 Nxc3 7. Qxg7 Rf8 8. Nxc6 dxc6 9. a3 Qe7+ 10. Qe5 Qxe5+ 11. dxe5 Nd5+ 12. axb4 Nxb4 13. Bd3 Nxd3+ 14. cxd3 Rg8 15. g3 Bh3 16. Ke2 a6 17. f3 0-0-0 18. Be3 h5 19. Ra4 Bf5 20. d4 Rd5 21. Rc4 Rgd8 22. Rd1 Rb5 23. Rd2 Rb3 24. Rc3 Rb4 25. Bg1 Rd5 26. Ke3 Kd7 27. Kf4 Ke6 28. Kg5 Rdb5 29. Kxh5 Rxb2 30. Rxb2 Rxb2 31. g4 Rg2 32. Rc1 Bc2 33. Kg5 a5 34. h4 a4 35. h5 a3 36. h6 Bh7 37. d5+ cxd5 38. Bd4 c6 39. Rc3 Rd2 40. Be3 a2 41. Rc1 Rd3 42. Kf4 d4 43. Bg1 c5 44. Ra1 Ra3 45. Kg5 b5 46. f4 b4 47. f5+ Ke7 48. Rc1 a1Q 49. Rxc5 Rc3 50. Rb5 Qc1+ 51. Kh4 0-1

[Event "Nabereznye Chelny op 8th"]
[Site "Nabereznye Chelny"]
[Date "2010.01.21"]
[Round "3"]
[White "Selyutin, Vladimir"]
[Black "Zernyshkin, Vladislav"]
[Result "0-1"]
[WhiteElo "1958"]
[BlackElo "2274"]
[PlyCount "108"]
[EventDate "2010.01.19"]
[EventType "swiss"]
[EventRounds "9"]
[EventCountry "RUS"]
[SourceTitle "CBM 134 Extra"]
[Source "ChessBase"]
[SourceDate "2010.03.03"]
[SourceVersion "1"]
[SourceVersionDate "2010.03.03"]
[SourceQuality "1"]

1. d4 e6 2. Nf3 Nf6 3. Bg5 d5 4. e3 Nbd7 5. c3 c6 6. Nbd2 Bd6 7. e4 dxe4 8. Nxe4 Be7 9. Nxf6+ Bxf6 10. Qd2 0-0 11. Bd3 e5 12. Bxf6 Qxf6 13. 0-0-0 exd4 14. Nxd4 Ne5 15. Be4 b5 16. Nf3 Nc4 17. Qg5 Qxg5+ 18. Nxg5 h6 19. Bxc6 Rb8 20. Nf3 b4 21. cxb4 Rxb4 22. Rd4 Nxb2 23. Kc2 Rc4+ 24. Rxc4 Nxc4 25. Kc3 Nb6 26. a4 Be6 27. Kb4 Rc8 28. Bb5 Rc2 29. Nd4 Rxf2 30. Nxe6 fxe6 31. Bc6 Rc2 32. Be8 Nd5+ 33. Kb3 Rxg2 34. h4 Kf8 35. Bc6 Ke7 36. Rh3 Kd6 37. Be8 Re2 38. h5 Re3+ 39. Rxe3 Nxe3 40. Kb4 Nd5+ 41. Kc4 e5 42. a5 a6 43. Ba4 Ne7 44. Be8 Nc6 45. Bf7 Nxa5+ 46. Kd3 Nc6 47. Ke4 a5 48. Bb3 Nd4 49. Bd1 Ke6 50. Bg4+ Kf6 51. Bd7 Ne6 52. Be8 a4 53. Bb5 a3 54. Bc4 Nf4 0-1

[Event "Nabereznye Chelny op 8th"]
[Site "Nabereznye Chelny"]
[Date "2010.01.20"]
[Round "2"]
[White "Zernyshkin, Vladislav"]
[Black "Filipenko, Alexander V"]
[Result "0-1"]
[WhiteElo "2274"]
[BlackElo "2376"]
[PlyCount "165"]
[EventDate "2010.01.19"]
[EventType "swiss"]
[EventRounds "9"]
[EventCountry "RUS"]
[SourceTitle "CBM 134 Extra"]
[Source "ChessBase"]
[SourceDate "2010.03.03"]
[SourceVersion "1"]
[SourceVersionDate "2010.03.03"]
[SourceQuality "1"]

1. e4 c5 2. f4 d5 3. exd5 Nf6 4. Nf3 Nxd5 5. Bc4 e6 6. d3 Be7 7. 0-0 0-0 8. Ne5 b6 9. Nd2 f6 10. Ng4 Nc6 11. Nb3 a6 12. a4 Rb8 13. Qf3 b5 14. axb5 axb5 15. Bxd5 Qxd5 16. Qe2 Nd4 17. Nxd4 cxd4 18. Re1 Rb7 19. Bd2 Rc7 20. Rec1 Bb7 21. c4 dxc3 22. bxc3 Rd8 23. d4 Qe4 24. Qxe4 Bxe4 25. Re1 Bf5 26. Ne3 Bd3 27. Rec1 h5 28. g3 Kf7 29. Kf2 Rdd7 30. Nd1 Ra7 31. Ke3 Bc4 32. Rcb1 e5 33. fxe5 fxe5 34. Rxa7 Rxa7 35. Ke4 exd4 36. cxd4 Ra3 37. Rb2 Bd3+ 38. Kd5 Bc4+ 39. Ke4 Ke6 40. Ne3 Bd3+ 41. Kf3 Bf6 42. Bb4 Ra4 43. d5+ Kd7 44. Rb3 Bc4 45. Nxc4 bxc4 46. Rb1 c3 47. Bc5 Ra5 48. Be3 Rxd5 49. h4 Rd6 50. Ke2 Ke6 51. Rb5 Rd5 52. Rb4 Be5 53. g4 hxg4 54. Rxg4 Ra5 55. Rc4 Ra1 56. Kd3 Kf5 57. Bg5 Rd1+ 58. Kc2 Rd5 59. Kc1 Bd4 60. Kc2 Ke4 61. Rc7 Rf5 62. Re7+ Be5 63. Re8 Rf2+ 64. Kb1 Re2 65. Rd8 Rb2+ 66. Kc1 Bd4 67. Re8+ Kd3 68. Rf8 Rh2 69. Rf3+ Kc4 70. Rf4 Kd5 71. Rg4 Bc5 72. Ra4 Bd4 73. Ra8 Ke4 74. Rf8 Bc5 75. Rc8 Kd3 76. Kb1 Bd4 77. Bc1 Rxh4 78. Rd8 Rh1 79. Rc8 Be3 80. Rd8+ Ke2 81. Re8 Rxc1+ 82. Ka2 g5 83. Rg8 0-1

[Event "Voronezh op-A 13th"]
[Site "Voronezh"]
[Date "2009.06.20"]
[Round "9"]
[White "Zernyshkin, Vladislav"]
[Black "Lutsko, Igor"]
[Result "1-0"]
[WhiteElo "2231"]
[BlackElo "2371"]
[PlyCount "49"]
[EventDate "2009.06.12"]
[EventType "swiss"]
[EventRounds "9"]
[EventCountry "RUS"]
[SourceTitle "CBM 130 Extra"]
[Source "ChessBase"]
[SourceDate "2009.07.02"]
[SourceVersion "2"]
[SourceVersionDate "2009.07.15"]
[SourceQuality "1"]

1. e4 c5 2. f4 g6 3. Nf3 Bg7 4. c3 Qa5 5. Be2 d6 6. 0-0 Nc6 7. Na3 f5 8. e5 dxe5 9. fxe5 Nh6 10. d4 cxd4 11. cxd4 Be6 12. Nb5 Rd8 13. Bd2 Qb6 14. a4 Rd7 15. a5 Qd8 16. a6 Qb6 17. Qc1 Nf7 18. Be3 Bd5 19. e6 Rd8 20. exf7+ Kxf7 21. Ne5+ Kf8 22. axb7 a6 23. Nxc6 Qxc6 24. Qxc6 Bxc6 25. Nc7 1-0

[Event "Voronezh op-A 13th"]
[Site "Voronezh"]
[Date "2009.06.15"]
[Round "4"]
[White "Korotylev, Alexey"]
[Black "Zernyshkin, Vladislav"]
[Result "1/2-1/2"]
[WhiteElo "2607"]
[BlackElo "2231"]
[PlyCount "94"]
[EventDate "2009.06.12"]
[EventType "swiss"]
[EventRounds "9"]
[EventCountry "RUS"]
[SourceTitle "CBM 130 Extra"]
[Source "ChessBase"]
[SourceDate "2009.07.02"]
[SourceVersion "2"]
[SourceVersionDate "2009.07.15"]
[SourceQuality "1"]

1. Nf3 d5 2. d4 Nf6 3. c4 e6 4. Nc3 c6 5. Qb3 Nbd7 6. Bg5 Be7 7. e3 Qb6 8. Qc2 Qc7 9. Rc1 0-0 10. cxd5 exd5 11. Bd3 h6 12. Bh4 Re8 13. 0-0 Qd8 14. Bg3 Nf8 15. h3 Bd6 16. Ne5 Qe7 17. f4 Nh5 18. Bf2 g5 19. Qd1 Ng7 20. e4 f6 21. exd5 fxe5 22. fxe5 Bb8 23. d6 Qd8 24. Ne4 Kh8 25. Nf6 Re6 26. Ng4 h5 27. Nh2 Ng6 28. Be3 Bxd6 29. exd6 Rxe3 30. Bxg6 Qxd6 31. Bxh5 Bxh3 32. Bg4 Bxg4 33. Nxg4 Re4 34. Rc3 Ne6 35. Rf7 Nf4 36. Nf2 Re7 37. Rxe7 Qxe7 38. Kf1 Kg7 39. Rg3 Rf8 40. Qg4 Kg6 41. Rf3 Qe2+ 42. Kg1 Rh8 43. Nh3 Nxh3+ 44. gxh3 Qd1+ 45. Kg2 Qe2+ 46. Kg3 Qe1+ 47. Kg2 Qe2+ 1/2-1/2

[Event "RUS-chB U16"]
[Site "Dagomys"]
[Date "2009.04.22"]
[Round "8"]
[White "Okun, Evgeny"]
[Black "Zernyshkin, Vladislav"]
[Result "0-1"]
[WhiteElo "2066"]
[BlackElo "2231"]
[PlyCount "60"]
[EventDate "2009.04.15"]
[EventType "swiss"]
[EventRounds "9"]
[EventCountry "RUS"]
[SourceTitle "EXT 2010"]
[Source "ChessBase"]
[SourceDate "2010.11.25"]
[SourceVersion "1"]
[SourceVersionDate "2010.11.25"]
[SourceQuality "1"]

1. f4 d5 2. g3 Nf6 3. Bg2 Bf5 4. d3 e6 5. Nf3 Bc5 6. e3 c6 7. h3 Qc7 8. 0-0 Nbd7 9. Kh1 h6 10. Nc3 0-0-0 11. g4 Bh7 12. Ne5 Nxe5 13. fxe5 Ne8 14. d4 Bb4 15. Bd2 Qe7 16. Na4 Bxd2 17. Qxd2 Bg6 18. b4 Nc7 19. c4 dxc4 20. Rfc1 h5 21. Rxc4 hxg4 22. Rac1 Rxh3+ 23. Bxh3 gxh3 24. Nc3 h2 25. Qxh2 Qg5 26. Re1 Nd5 27. e4 Ne3 28. Rg1 Ng4 29. Rg3 Qf4 30. Ne2 Qf1+ 0-1

[Event "Moscow op-B"]
[Site "Moscow"]
[Date "2009.02.04"]
[Round "5"]
[White "Zernyshkin, Vladislav"]
[Black "Tappyrov, Maksim"]
[Result "1-0"]
[WhiteElo "2242"]
[BlackElo "2101"]
[PlyCount "131"]
[EventDate "2009.01.31"]
[EventType "swiss"]
[EventRounds "9"]
[EventCountry "RUS"]
[SourceTitle "EXT 2012"]
[Source "ChessBase"]
[SourceDate "2011.11.24"]
[SourceVersion "1"]
[SourceVersionDate "2011.11.24"]
[SourceQuality "1"]

1. e4 c5 2. f4 e6 3. Nf3 d5 4. Bb5+ Bd7 5. Bxd7+ Qxd7 6. exd5 exd5 7. Ne5 Qc7 8. Nc3 Ne7 9. Qf3 f6 10. Nd3 Qc6 11. f5 Na6 12. Qh5+ Kd7 13. 0-0 Rd8 14. a3 c4 15. Nf4 Nc5 16. d4 cxd3 17. Nxd3 Kc8 18. Ne2 Nxd3 19. cxd3 g6 20. fxg6 Nxg6 21. Bd2 Kb8 22. Bc3 d4 23. Be1 Qc2 24. Bg3+ Ka8 25. Qf3 Bh6 26. Bf4 Ne5 27. Qe4 Bxf4 28. Nxf4 Rhe8 29. Qxh7 Ng4 30. Qf7 Qd2 31. h3 Qe3+ 32. Kh1 Nf2+ 33. Rxf2 Qxf2 34. Ne6 Rg8 35. Rg1 Rc8 36. b4 Qg3 37. Nc5 Rg7 38. Qxf6 Rh8 39. Qf5 Rf7 40. Qe6 Re7 41. Qf5 Rhe8 42. Qd5 Rh8 43. Qf5 Rf7 44. Qe6 Re7 45. Qf5 Qe5 46. Qxe5 Rxe5 47. Ne4 Kb8 48. Rf1 a5 49. Nc5 Rh7 50. Rf4 axb4 51. axb4 b6 52. Nb3 Rc7 53. Nxd4 Rd5 54. Kh2 Rcd7 55. Nf3 Re7 56. h4 Rxd3 57. h5 Kc7 58. g4 Rd1 59. h6 Kd7 60. g5 Ke8 61. g6 Re2+ 62. Kg3 Re6 63. g7 Rg6+ 64. Kf2 Rh1 65. Rf6 Rh2+ 66. Ke3 1-0

[Event "PriFR-ch U16"]
[Site "Penza"]
[Date "2008.11.03"]
[Round "1"]
[White "Zernyshkin, Vladislav"]
[Black "Matorkin, Dmitry Victorovich"]
[Result "1-0"]
[WhiteElo "2232"]
[BlackElo "1853"]
[PlyCount "73"]
[EventDate "2008.11.03"]
[EventType "swiss"]
[EventRounds "9"]
[EventCountry "RUS"]
[SourceTitle "EXT 2022"]
[Source "ChessBase"]
[SourceDate "2021.10.06"]
[SourceVersion "1"]
[SourceVersionDate "2021.10.06"]
[SourceQuality "1"]

1. e4 e6 2. d4 d5 3. Nd2 a6 4. Ngf3 c5 5. exd5 exd5 6. dxc5 Bxc5 7. Nb3 Bb6 8. Bg5 Nf6 9. Qe2+ Be6 10. Nfd4 Qe7 11. 0-0-0 h6 12. Bh4 g5 13. Bg3 Bg4 14. Qxe7+ Kxe7 15. Re1+ Kd7 16. f3 Be6 17. h4 Nh5 18. Be5 Rg8 19. hxg5 Rxg5 20. f4 Ng3 21. fxg5 Nxh1 22. gxh6 Nc6 23. Nxc6 bxc6 24. h7 Bf2 25. Re2 Bg4 26. h8Q Rxh8 27. Bxh8 Bxe2 28. Bxe2 c5 29. Bxa6 c4 30. Nd4 Ng3 31. c3 Nh5 32. Be5 f6 33. Bh2 Ng3 34. Bxg3 Bxg3 35. Bb7 Bf4+ 36. Kd1 Kd6 37. a4 1-0

[Event "Saratov region op"]
[Site "Saratov"]
[Date "2008.06.07"]
[Round "9"]
[White "Zernyshkin, Vladislav"]
[Black "Vingurt, Grigorij"]
[Result "1-0"]
[WhiteElo "2268"]
[BlackElo "2109"]
[PlyCount "97"]
[EventDate "2008.05.30"]
[EventType "swiss"]
[EventRounds "9"]
[EventCountry "RUS"]
[SourceTitle "CBM 124 Extra"]
[Source "ChessBase"]
[SourceDate "2008.07.03"]
[SourceVersion "1"]
[SourceVersionDate "2008.07.03"]
[SourceQuality "1"]

1. e4 d5 2. exd5 Qxd5 3. Nc3 Qd6 4. d4 Nf6 5. h3 a6 6. Nf3 Bf5 7. Bd3 Bxd3 8. Qxd3 Nc6 9. Be3 e6 10. 0-0 Nb4 11. Qe2 Nbd5 12. Nxd5 Nxd5 13. Ne5 Be7 14. c4 Nxe3 15. fxe3 0-0 16. Qh5 f6 17. Nf3 Rad8 18. Qh4 Qb4 19. b3 c5 20. Qe4 Qb6 21. Rad1 Rfe8 22. Kh1 Bf8 23. Ng1 f5 24. Qh4 Be7 25. Qf2 Rf8 26. Ne2 g5 27. Qf3 Qc6 28. d5 exd5 29. cxd5 Qd7 30. Ng3 f4 31. exf4 Rxf4 32. Qe2 Rdf8 33. Rxf4 gxf4 34. d6 Bh4 35. Ne4 f3 36. Qc4+ Qf7 37. Qxf7+ Rxf7 38. gxf3 b6 39. Rg1+ Rg7 40. Rg4 Rxg4 41. hxg4 Kf7 42. g5 Ke6 43. Kg2 Be1 44. f4 Bb4 45. f5+ Kd7 46. g6 hxg6 47. fxg6 c4 48. g7 cxb3 49. axb3 1-0

[Event "Saratov region op"]
[Site "Saratov"]
[Date "2008.06.04"]
[Round "6"]
[White "Zernyshkin, Vladislav"]
[Black "Lebedev, Sergey"]
[Result "1/2-1/2"]
[WhiteElo "2268"]
[BlackElo "2338"]
[PlyCount "56"]
[EventDate "2008.05.30"]
[EventType "swiss"]
[EventRounds "9"]
[EventCountry "RUS"]
[SourceTitle "CBM 124 Extra"]
[Source "ChessBase"]
[SourceDate "2008.07.03"]
[SourceVersion "1"]
[SourceVersionDate "2008.07.03"]
[SourceQuality "1"]

1. e4 c5 2. f4 Nc6 3. Nf3 g6 4. Bb5 Nd4 5. Nxd4 cxd4 6. 0-0 Bg7 7. d3 Nf6 8. Nd2 a6 9. Ba4 0-0 10. Nf3 d6 11. h3 Nd7 12. Bb3 Nc5 13. Bd2 Qc7 14. Be1 a5 15. c3 dxc3 16. Bxc3 Qb6 17. Kh1 Nxb3 18. axb3 Be6 19. Nd2 Qb5 20. Nc4 b6 21. Qc2 Rac8 22. Bxg7 Kxg7 23. Qf2 Qxb3 24. Nxb6 Rc2 25. Qd4+ f6 26. Rxa5 Qxb2 27. Qxb2 Rxb2 28. Nd5 Rf7 1/2-1/2

[Event "Saratov region op"]
[Site "Saratov"]
[Date "2008.06.02"]
[Round "4"]
[White "Korchmar, Vasiliy"]
[Black "Zernyshkin, Vladislav"]
[Result "1/2-1/2"]
[WhiteElo "2027"]
[BlackElo "2268"]
[PlyCount "59"]
[EventDate "2008.05.30"]
[EventType "swiss"]
[EventRounds "9"]
[EventCountry "RUS"]
[SourceTitle "CBM 124 Extra"]
[Source "ChessBase"]
[SourceDate "2008.07.03"]
[SourceVersion "1"]
[SourceVersionDate "2008.07.03"]
[SourceQuality "1"]

1. e4 e6 2. d4 d5 3. Nc3 Nf6 4. Bg5 Bb4 5. e5 h6 6. Bd2 Bxc3 7. Bxc3 Ne4 8. Bd3 Nxc3 9. bxc3 c5 10. Qg4 g6 11. Nh3 Qa5 12. 0-0 Qxc3 13. Bxg6 Rg8 14. Bxf7+ Kxf7 15. Qh5+ Kg7 16. Rae1 Qxc2 17. Re3 Qf5 18. Rg3+ Kh7 19. Qh4 Nc6 20. Rxg8 Kxg8 21. Qxh6 cxd4 22. f4 Bd7 23. Rf3 Rf8 24. Ng5 Ne7 25. Nh7 Qb1+ 26. Kf2 Qc2+ 27. Kg1 Qb1+ 28. Kf2 Qxa2+ 29. Kg1 Qb1+ 30. Kf2 1/2-1/2

[Event "EU School-ch U15"]
[Site "Kallithea"]
[Date "2008.04.30"]
[Round "3"]
[White "Zernyshkin, Vladislav"]
[Black "Nakar, Eylon"]
[Result "1/2-1/2"]
[WhiteElo "2268"]
[BlackElo "2056"]
[PlyCount "69"]
[EventDate "2008.04.29"]
[EventType "swiss"]
[EventRounds "9"]
[EventCountry "GRE"]
[SourceTitle "CBM 124 Extra"]
[Source "ChessBase"]
[SourceDate "2008.07.03"]
[SourceVersion "1"]
[SourceVersionDate "2008.07.03"]
[SourceQuality "1"]

1. e4 e6 2. d4 d5 3. Nd2 Nf6 4. e5 Nfd7 5. Bd3 c5 6. c3 b6 7. Qe2 cxd4 8. cxd4 Nc6 9. Ndf3 Nb4 10. Bg5 Nxd3+ 11. Qxd3 Bb4+ 12. Bd2 Be7 13. Ne2 a5 14. 0-0 Ba6 15. Qe3 0-0 16. Rfc1 Bxe2 17. Qxe2 Qb8 18. Qb5 Qb7 19. h3 Rfc8 20. Rxc8+ Qxc8 21. Rc1 Qb7 22. Qc6 Qxc6 23. Rxc6 h6 24. Rc7 Rd8 25. Kf1 Kf8 26. Ng1 Ke8 27. Ne2 Rb8 28. b3 Kd8 29. Rc2 Rc8 30. Rxc8+ Kxc8 31. Nc3 Kb7 32. Ke2 Kc6 33. a4 h5 34. g4 hxg4 35. hxg4 1/2-1/2